|
|
|
|
| LEADER |
01123nam a2200265 u 4500 |
| 001 |
10026230 |
| 003 |
GR-PaULI |
| 005 |
20210524131000.0 |
| 008 |
960228s1984 uk eng |
| 952 |
|
|
|0 0
|1 0
|2 ddc
|4 0
|6 Π_Σ_515_450000000000000_GRO
|7 0
|9 234038
|a LISP
|b LISP
|c REF
|d 2019-07-17
|i 049013
|l 0
|o Π/Σ 515.45 GRO
|p 025000043356
|r 2019-07-17 00:00:00
|t 1
|v 2019.00
|w 2019-07-17
|y BKN
|
| 999 |
|
|
|c 141959
|d 141959
|
| 020 |
|
|
|a 0273086421
|
| 040 |
|
|
|a GR-PaULI
|c GR-PaULI
|b gre
|e AACR2
|
| 082 |
|
|
|2 23
|a 515.45
|
| 100 |
1 |
|
|a Groetsch, C. W.
|e συγγραφέας.
|9 65333
|
| 245 |
1 |
4 |
|a The theory of Tikhonov regularization for Fredholm equations of the first kind /
|c C.W. Groetsch.
|
| 260 |
|
|
|a London :
|b Pitman,
|c 1984.
|
| 300 |
|
|
|a 104 σ. ;
|b
|c 25 εκ.
|
| 490 |
1 |
|
|a Research notes in mathematics
|v 105.
|
| 504 |
|
|
|a Περιλαμβάνει βιβλιογραφικές παραπομπές και ευρετήριο.
|
| 505 |
1 |
|
|a
|
| 650 |
|
4 |
|a Εξισώσεις, Ολοκληρωτικές
|9 111236
|
| 830 |
|
0 |
|a Research notes in mathematics (Pitman)
|v 105.
|9 177146
|
| 942 |
|
|
|2 ddc
|c BKN
|
| 998 |
|
|
|c ΜΠΟΥΡΑΣ
|d 2010-07
|